| 000 | 00702nam a22002297a 4500 | ||
|---|---|---|---|
| 999 |
_c1991 _d1991 |
||
| 001 | 15261 | ||
| 003 | BD-DhUAP | ||
| 005 | 20200218154033.0 | ||
| 008 | 200212s2005 bg ||||| |||| 001 0 eng d | ||
| 040 |
_aBD-DhUAP _bEng _cBD-DhUAP _dBD-DhUAP |
||
| 082 |
_223 _a347.5492077 MAH |
||
| 100 | _a Mahmood , Shaukat. | ||
| 245 |
_aThe specific relief act : _b1 of 1877 / _cShaukat Mahmood and Nadeem Shaukat. |
||
| 250 | _a7th ed. | ||
| 260 |
_aPakistan : _bLegal research centre, _c2010. |
||
| 300 |
_a491 pages ; _c22 cm. |
||
| 500 | _aIncludes index. | ||
| 650 |
_aSpecific Relief Act, 1877. _zBangladesh. |
||
| 650 |
_aEquitable remedies _zBangladesh. |
||
| 700 | _aShaukat, Nadeem. | ||
| 942 |
_2ddc _cBK |
||